| 000 | 01661cam a2200385 a 4500 | ||
|---|---|---|---|
| 001 | 14649092 | ||
| 005 | 20081015084256.0 | ||
| 008 | 061128s2006 nyua 001 0 eng d | ||
| 010 | _a 2006285738 | ||
| 020 | _a1847374298 | ||
| 020 | _a9781847374295 | ||
| 035 | _a(OCoLC)ocm71805590 | ||
| 035 | _a(OCoLC)71805590 | ||
| 040 |
_aKRL _cKRL _dKRL _dCPL _dBAKER _dDLC |
||
| 042 | _alccopycat | ||
| 050 | 0 | 0 |
_aBJ1661 _b.C665 2006 |
| 082 | 0 | 0 |
_a158.0835 _222 _bCOV |
| 100 | 1 |
_aCovey, Sean. _924166 |
|
| 245 | 1 | 4 |
_aThe 6 Most Important Decisions You'll Ever Make : _bPersonal Workbook / _cSean Covey. |
| 246 | 3 | _aSix most important decisions you'll ever make | |
| 260 |
_aNew York : _bSimon & Schuster, 2009 _c2009 |
||
| 300 |
_a182 p. : _bill. (some col.) ; _c24 cm. |
||
| 500 | _a"A Fireside Book." | ||
| 504 | _aIncludes bibliographical references (p. 310-311) and index. | ||
| 650 | 0 |
_aTeenagers _xConduct of life. _924167 |
|
| 650 | 0 |
_aTeenagers _vLife skills guides. _924168 |
|
| 650 | 0 |
_aDecision making in adolescence. _924169 |
|
| 653 |
_bGeneral _cMay2011 |
||
| 856 | 4 | 2 |
_3Publisher description _uhttp://www.loc.gov/catdir/enhancements/fy0633/2006285738-d.html |
| 856 | 4 | 1 |
_3Sample text _uhttp://www.loc.gov/catdir/enhancements/fy0633/2006285738-s.html |
| 856 | 4 | 1 |
_3Table of contents only _uhttp://www.loc.gov/catdir/enhancements/fy0633/2006285738-t.html |
| 942 |
_2ddc _cBB |
||
| 999 |
_c15411 _d15411 |
||